000 00885cam a2200301 a 4500
001 38969
005 20230410101628.0
008 861024s1985 fr fa 000 0bfre
035 _9(DLC) 86128886
035 _a3356027
010 _a 86128886
020 _a2221048318 :
_c80.00F
040 _aDLC
_cDLC
_dDLC
043 _anwgp---
050 1 4 _a110 CT 354.8
_bL585B 1985
100 2 _aBébel-Gisler, Dany.
245 1 0 _aLéonora :
_bl'histoire enfouie de la Guadeloupe /
_cDany Bébel-Gisler.
260 _aParis :
_bSeghers,
_cc1985.
300 _a316 p., [8] p. of plates :
_bill. ;
_c24 cm.
490 0 _aMémoire vive
600 0 0 _aLéonora.
651 0 _aGuadeloupe
_xBiography.
650 0 _aChristian biography
_zGuadeloupe.
651 0 _aGuadeloupe
_xSocial life and customs.
650 4 _aCEH
650 4 _aColección Estudios Haitianos
942 _2lcc
_cbk
999 _c11229
_d11229